Design for Care: Innovating Healthcare Experience (Record no. 369802)

MARC details
000 -LEADER
fixed length control field 00876nam a2200193 4500
005 - DATE AND TIME OF LATEST TRANSACTION
control field 20260119053850.0
008 - FIXED-LENGTH DATA ELEMENTS--GENERAL INFORMATION
fixed length control field 260109b |||||||| |||| 00| 0 eng d
020 ## - INTERNATIONAL STANDARD BOOK NUMBER
International Standard Book Number 9781933820231
041 ## - LANGUAGE CODE
Language code of text/sound track or separate title English
082 ## - DEWEY DECIMAL CLASSIFICATION NUMBER
Classification number 745.4
Item number JON
100 ## - MAIN ENTRY--PERSONAL NAME
Author Jones Peter H.
245 ## - TITLE STATEMENT
Title Design for Care: Innovating Healthcare Experience
260 ## - PUBLICATION, DISTRIBUTION, ETC.
Place of publication, distribution, etc. New York
Name of publisher, distributor, etc. Rosenfeld Media
Date of publication, distribution, etc. 2013
300 ## - PHYSICAL DESCRIPTION
Extent 356
365 ## - TRADE PRICE
Price amount 3052.01
Currency code Rs.00
520 ## - SUMMARY, ETC.
Summary, etc. PART I RETHINKING CARE & ITS CONSUMERS<br/>1. Design as caregiving<br/>2. Co-creating care<br/>3. Seeking health<br/>PART II RETHINKING PATIENTS<br/>4. Design for patient agency<br/>5. Patient-centered service design<br/>PART III RETHINKING CARE SYSTEMS<br/>6. Design at the point of care<br/>7. Designing healthy information technology<br/>8. Systemic design for healthcare innovation<br/>9. Designing healthcare futures<br/><br/>
650 ## - SUBJECT ADDED ENTRY--TOPICAL TERM
Topical term or geographic name entry element Design
942 ## - ADDED ENTRY ELEMENTS (KOHA)
Koha item type Books
Holdings
Withdrawn status Lost status Source of classification or shelving scheme Damaged status Not for loan Home library Current library Date acquired Vendor Net Price Bill number Total Checkouts Full call number Barcode Date last seen Discount Actual Price Bill Date Koha item type
    Dewey Decimal Classification     School of Fashion Technology School of Fashion Technology 05/01/2026 Design Book Studio 2726.46 289   745.4 JON SOFT-BK-4816 09/01/2026 33% 4069.35 12/12/2025 Books